|
|
|
|
| LEADER |
01048nam a22002417a 4500 |
| 001 |
AAL7338 |
| 003 |
BD-DhAAL |
| 005 |
20160322152119.0 |
| 008 |
160322m20101969bg ||||| |||| 00| 0 ben d |
| 020 |
|
|
|a 9844100143
|
| 040 |
|
|
|a BD-DhAAL
|c BD-DhAAL
|
| 082 |
|
|
|2 22
|a 891.441
|
| 245 |
|
|
|a মধ্যযুগের বাঙালা গীতি কবিতা /
|c মুহম্মদ আবদুল হাই, আহমদ শরীফ সম্পাদিত
|
| 260 |
|
|
|a ঢাকা :
|b মাওলা ব্রাদার্স,
|c ২০১০
|
| 300 |
|
|
|a ২৮৬ পৃ. ;
|c ২২ সে.মি.
|
| 541 |
|
|
|e 7338
|
| 650 |
|
|
|a Bengali poetry.
|9 18739
|
| 700 |
|
|
|a আবদুল হাই, মুহম্মদ
|9 18740
|
| 700 |
|
|
|a শরীফ, আহমদ
|9 18741
|
| 852 |
|
|
|a Savar Campus Library
|c General Shelf
|
| 942 |
|
|
|2 ddc
|c BK
|
| 999 |
|
|
|c 37202
|d 37202
|
| 952 |
|
|
|0 0
|1 0
|2 ddc
|4 0
|6 891_441000000000000_MAT
|7 0
|9 58485
|a SCL
|b SCL
|c GEN
|d 2016-03-22
|g 250.00
|l 1
|m 1
|o 891.441 MAT
|p 3020007338
|r 2024-11-21
|s 2024-10-22
|t 1
|w 2016-03-22
|y BK
|